000 00568nam a2200145 i 4500
001 183706
003 ES-MaACL
005 20230906221945.0
008 140929s1900 sp |||| | spa d
110 2 _aColegio Pericial Mercantil de Málaga.
_9155624
245 1 0 _aReglamento del Colegio Pericial Mercantil de Málaga
_b: lista de señores colegiados y extracto de las disposiciones legales vigentes relativas al nombramiento de peritos en asuntos comerciales.
260 _aMálaga :
_b[s.n.],
_c1900.
300 _a32 p. ;
_c20 cm.
852 _aES-MaACL
_jT-1447-F-7
999 _c183706
_d183706